[Event "EIBCC 2019"]
[Site "Tallinn"]
[Date "2019.12.07"]
[Round "4.1"]
[White "Kunitson, Nikolai"]
[Black "Andriasian, Zaven"]
[Result "0-1"]
[WhiteElo "2241"]
[BlackElo "2766"]
[Annotator "TA"]
[PlyCount "92"]
[EventDate "2019.12.06"]
[EventType "swiss"]
[EventCountry "EST"]
[SourceTitle "playchess.com"]
[Source "ChessBase"]
[SourceQuality "1"]

1. Nf3 Nf6 2. g3 d5 3. Bg2 c6 4. O-O Bg4 5. d3 Nbd7 6. Nbd2 e5 7. e4 Bd6 8. Qe2 O-O 9. h3 Bh5 10. c3 Re8 11. Re1 a5 12. Nf1 a4 13. Bg5 h6 14. Bd2 Nc5 15. g4 Bg6 16. Nh4 dxe4 17. dxe4 Ne6 18. Nf5 Bc5 19. Rad1 Qb6 20. Be3 Bxe3 21. fxe3 Nf4 22. Qf2 Nxe4 23. Qc2 Nf6 24. Kh2 Nxg2 25. Qxg2 Rad8 26. N1g3 Kh7 27. e4 Qc5 28. Qc2 b5 29. Kg2 b4 30. c4 Kg8 31. Rd3 Nh7 32. Red1 Rxd3 33. Qxd3 Nf8 34. Qd6 Qxc4 35. h4 Ne6 36. h5 Bxf5 37. gxf5 Rd8 38. Qxd8+ Nxd8 39. Rxd8+ Kh7 40. Rd2 f6 41. Kf3 Qxa2 42. Nf1 a3 43. bxa3 Qb3+ 44. Ne3 bxa3 45. Ke2 a2 46. Nc2 Qc3 0-1

[Event "EIBCC 2019"]
[Site "Tallinn"]
[Date "2019.12.07"]
[Round "4.2"]
[White "Morozevich, Alexander"]
[Black "Nestor, Kaarel"]
[Result "1-0"]
[WhiteElo "2712"]
[BlackElo "2239"]
[Annotator "TA"]
[PlyCount "93"]
[EventDate "2019.12.06"]
[EventType "swiss"]
[EventCountry "EST"]
[SourceTitle "playchess.com"]
[Source "ChessBase"]
[SourceQuality "1"]

1. e4 e6 2. d4 d5 3. Nc3 dxe4 4. Nxe4 Nd7 5. Nf3 Ngf6 6. Nxf6+ Nxf6 7. Ne5 a6 8. Be3 Bd6 9. Qf3 c5 10. O-O-O cxd4 11. Bxd4 Qe7 12. Nc4 Bc7 13. Nb6 Bxb6 14. Bxb6 O-O 15. Qe3 Ng4 16. Qc3 e5 17. f3 Qg5+ 18. Kb1 Nf6 19. h4 Qf4 20. Be3 Qa4 21. b3 Qc6 22. Qxc6 bxc6 23. Bc5 Re8 24. g4 e4 25. g5 Nd5 26. Re1 Bf5 27. Bg2 Nf4 28. Bf1 Nd5 29. Kb2 a5 30. fxe4 Bxe4 31. Rh2 Bf5 32. Rxe8+ Rxe8 33. Re2 Be6 34. c4 Nf4 35. Rd2 Ng6 36. h5 Nf4 37. h6 f6 38. gxf6 gxh6 39. Rd6 Kf7 40. Rxc6 Kxf6 41. Rc7 Bf5 42. Bd4+ Kg5 43. c5 h5 44. c6 h4 45. Rg7+ Bg6 46. c7 h3 47. Bg1 1-0

[Event "EIBCC 2019"]
[Site "Tallinn"]
[Date "2019.12.07"]
[Round "4.3"]
[White "Degtiarev, Evgeny"]
[Black "Sargissian, Gabriel"]
[Result "1/2-1/2"]
[WhiteElo "2236"]
[BlackElo "2676"]
[Annotator "ChessBase"]
[PlyCount "115"]
[EventDate "2019.12.06"]
[EventType "swiss"]
[EventCountry "EST"]
[SourceTitle "playchess.com"]
[Source "ChessBase"]
[SourceQuality "1"]

1. d4 Nf6 2. c4 e6 3. g3 Bb4+ 4. Bd2 Qe7 5. Nc3 c5 6. a3 Bxc3 7. Bxc3 Ne4 8. Qd3 Nxc3 9. Qxc3 cxd4 10. Qxd4 O-O 11. Nf3 Nc6 12. Qd2 b6 13. Bg2 Bb7 14. O-O Na5 15. Qf4 Rac8 16. Nd2 Bxg2 17. Kxg2 e5 18. Qe4 Qe6 19. Rac1 f5 20. Qd5 Rfd8 21. b4 Nc6 22. e3 Ne7 23. Qxe6+ dxe6 24. Nf3 Ng6 25. Rfd1 e4 26. Nd4 Kf7 27. c5 Ne5 28. c6 a6 29. Rc3 Rd6 30. Rdc1 b5 31. c7 Rd7 32. Nc6 Nxc6 33. Rxc6 Ke7 34. Rxa6 Rdxc7 35. Rxc7+ Rxc7 36. Rb6 Rc3 37. Rxb5 Rxa3 38. Rb7+ Kf6 39. b5 Rb3 40. h4 g6 41. Rxh7 Rxb5 42. Rc7 Rb2 43. Rc5 Rd2 44. Ra5 Rd6 45. Rb5 e5 46. Ra5 Re6 47. Rb5 Kg7 48. Ra5 Kh6 49. Ra8 Rc6 50. Re8 Rc5 51. Re7 g5 52. Re6+ Kh5 53. hxg5 Kxg5 54. Re8 Kf6 55. Rf8+ Kg6 56. Re8 Ra5 57. Re6+ Kf7 58. Rb6 1/2-1/2

[Event "EIBCC 2019"]
[Site "Tallinn"]
[Date "2019.12.07"]
[Round "4.4"]
[White "Mamedov, Rauf"]
[Black "Chibukhchyan, Erik"]
[Result "1-0"]
[WhiteElo "2670"]
[BlackElo "2230"]
[Annotator "ChessBase"]
[PlyCount "75"]
[EventDate "2019.12.06"]
[EventType "swiss"]
[EventCountry "EST"]
[SourceTitle "playchess.com"]
[Source "ChessBase"]
[SourceQuality "1"]

1. e4 e5 2. Nc3 Nc6 3. Nf3 Nf6 4. Bb5 Bb4 5. O-O Bxc3 6. bxc3 d6 7. d3 Bd7 8. Rb1 h6 9. Re1 O-O 10. h3 Rb8 11. d4 Re8 12. Bd3 a6 13. Bb2 b5 14. c4 exd4 15. cxb5 axb5 16. Nxd4 Ne5 17. Bf1 Nc4 18. Ba1 c5 19. Nf5 Bxf5 20. exf5 Rxe1 21. Qxe1 d5 22. Rd1 Rb6 23. a4 Rd6 24. axb5 Na3 25. Qc3 Nc4 26. Qg3 Nb6 27. Be5 Rd7 28. Ra1 Kh7 29. Ra6 d4 30. Qf3 Nbd5 31. Bc4 Nb4 32. Ra8 Qe7 33. Qe2 Nxc2 34. b6 d3 35. Bxd3 Nb4 36. Bb5 Rb7 37. Bxf6 Qxf6 38. Qe8 1-0

[Event "EIBCC 2019"]
[Site "Tallinn"]
[Date "2019.12.07"]
[Round "4.5"]
[White "Postny, Evgeny"]
[Black "Lazavik, Denis"]
[Result "1/2-1/2"]
[WhiteElo "2661"]
[BlackElo "2222"]
[Annotator "ChessBase"]
[PlyCount "130"]
[EventDate "2019.12.06"]
[EventType "swiss"]
[EventCountry "EST"]
[SourceTitle "playchess.com"]
[Source "ChessBase"]
[SourceQuality "1"]

1. d4 d5 2. c4 c6 3. Nf3 Nf6 4. Nc3 dxc4 5. a4 Bf5 6. Ne5 Nbd7 7. Nxc4 Nb6 8. Ne5 a5 9. f3 Nfd7 10. Nxd7 Nxd7 11. e4 Bg6 12. Be2 e6 13. Be3 Bb4 14. O-O O-O 15. Qb3 Qc7 16. Rfd1 Rae8 17. Rac1 Qb8 18. Kh1 Kh8 19. Na2 Bd6 20. Bg1 f5 21. e5 Bc7 22. Qc3 f4 23. b4 axb4 24. Nxb4 Qa8 25. Qb3 Nb6 26. a5 Nd5 27. a6 Rb8 28. Nxd5 exd5 29. axb7 Rxb7 30. Qc3 Be8 31. Qc5 Bd7 32. e6 Bxe6 33. Qxc6 Bg8 34. Bd3 Ra7 35. Qd7 Bd8 36. Qh3 Bf6 37. Qg4 Qb8 38. h3 Ra4 39. Bf5 Qd6 40. Bh2 Rxd4 41. Rxd4 Bxd4 42. Bd3 Be3 43. Rd1 Qf6 44. Qd7 Qc3 45. Qd6 Rf6 46. Qd8 Qc5 47. Rb1 Rf8 48. Qd7 Qd4 49. Bf1 Qf6 50. Rb7 d4 51. Qb5 Rf7 52. Rb8 Rf8 53. Rb6 Qf7 54. Rb7 Qf6 55. Rb6 Qf7 56. Rb7 Qd5 57. Qb4 Qf5 58. Qe7 Qf6 59. Qb4 Qf5 60. Rb5 Qf6 61. Rb6 Qf7 62. Rb7 Qf6 63. Rb6 Qf7 64. Rb7 Qf6 65. Rb6 Qf7 1/2-1/2

[Event "EIBCC 2019"]
[Site "Tallinn"]
[Date "2019.12.07"]
[Round "4.6"]
[White "Riazantsev, Alexander"]
[Black "Pogan, Nikolas"]
[Result "1-0"]
[WhiteElo "2635"]
[BlackElo "2221"]
[Annotator "ChessBase"]
[PlyCount "121"]
[EventDate "2019.12.06"]
[EventType "swiss"]
[EventCountry "EST"]
[SourceTitle "playchess.com"]
[Source "ChessBase"]
[SourceQuality "1"]

1. d4 d5 2. c4 c6 3. Nc3 Nf6 4. e3 a6 5. Nf3 Bf5 6. cxd5 cxd5 7. Ne5 g6 8. Qb3 Bc8 9. Bd2 Bg7 10. Rc1 O-O 11. Be2 e6 12. O-O Nfd7 13. f4 Nxe5 14. fxe5 Nc6 15. Na4 f6 16. Nb6 Rb8 17. exf6 Rxf6 18. Rxf6 Bxf6 19. Bg4 h5 20. Bh3 g5 21. g3 g4 22. Bg2 Kg7 23. Nxc8 Qxc8 24. h3 Qe8 25. h4 Qd7 26. Rf1 Rf8 27. Be1 Rf7 28. a3 Bd8 29. Rxf7+ Qxf7 30. Bf1 Bf6 31. Be2 Qc7 32. Kg2 Qd7 33. Bc3 Qc7 34. Bd3 Qd7 35. Bb1 Qf7 36. Qc2 Kf8 37. Qg6 Ne7 38. Bb4 Ke8 39. Qc2 Bxh4 40. gxh4 Qf3+ 41. Kg1 Nf5 42. Qc8+ Kf7 43. Qd7+ Kf6 44. Qd8+ Kf7 45. Qf8+ Kg6 46. Qg8+ Kf6 47. Qg5+ Kf7 48. Qxh5+ Kf6 49. Qg5+ Kf7 50. Qh5+ Kf6 51. Qg5+ Kf7 52. Bxf5 Qg3+ 53. Kf1 Qf3+ 54. Ke1 exf5 55. Qe7+ Kg6 56. Qg5+ Kf7 57. Bd6 Qh1+ 58. Kd2 Qg2+ 59. Kc3 Qe2 60. Qxf5+ Ke8 61. Qe6+ 1-0

[Event "EIBCC 2019"]
[Site "Tallinn"]
[Date "2019.12.07"]
[Round "4.7"]
[White "Golikov, Daniil"]
[Black "Demidov, Mikhail"]
[Result "0-1"]
[WhiteElo "2220"]
[BlackElo "2631"]
[Annotator "ChessBase"]
[PlyCount "56"]
[EventDate "2019.12.06"]
[EventType "swiss"]
[EventCountry "EST"]
[SourceTitle "playchess.com"]
[Source "ChessBase"]
[SourceQuality "1"]

1. c4 e5 2. Nc3 Nc6 3. g3 Bc5 4. Bg2 a6 5. e3 d6 6. Nge2 Ba7 7. O-O h5 8. d4 h4 9. Rb1 Bf5 10. e4 Bg4 11. f3 exd4 12. fxg4 dxc3+ 13. Kh1 hxg3 14. Nxg3 Qh4 15. h3 Qxg3 16. Bf4 Rxh3+ 17. Bxh3 Qxh3+ 18. Bh2 c2 19. Qxc2 Nf6 20. Qg2 Qxg2+ 21. Kxg2 Nxg4 22. Bf4 O-O-O 23. b3 Re8 24. Rbe1 f6 25. Rh1 Nf2 26. Rh7 Nd3 27. Rf1 Rxe4 28. Kg3 Bf2+ 0-1

[Event "EIBCC 2019"]
[Site "Tallinn"]
[Date "2019.12.07"]
[Round "4.8"]
[White "Medar, Marti"]
[Black "Ziska, Helgi Dam"]
[Result "1/2-1/2"]
[WhiteElo "2218"]
[BlackElo "2614"]
[Annotator "ChessBase"]
[PlyCount "148"]
[EventDate "2019.12.06"]
[EventType "swiss"]
[EventCountry "EST"]
[SourceTitle "playchess.com"]
[Source "ChessBase"]
[SourceQuality "1"]

1. d4 Nf6 2. Bf4 g6 3. e3 Bg7 4. c3 d6 5. Nd2 O-O 6. h3 Nbd7 7. Ngf3 b6 8. a4 a6 9. Be2 Bb7 10. Nc4 Ne4 11. O-O c5 12. Qc2 Rc8 13. Rfd1 Qc7 14. Bh2 Ndf6 15. Qb3 Nd7 16. Qc2 Rb8 17. Bd3 Ndf6 18. a5 b5 19. Nb6 c4 20. Be2 Nd7 21. Nxd7 Qxd7 22. b4 cxb3 23. Qxb3 Nf6 24. Qb2 Bd5 25. Nd2 Qc6 26. f3 Qc7 27. e4 Ba8 28. Qb4 Nd7 29. Rdc1 Rbc8 30. Kh1 Rfd8 31. Bg1 e5 32. Nb3 Bh6 33. Rc2 Nf6 34. dxe5 dxe5 35. Rd1 Nh5 36. Bf2 Nf4 37. Rxd8+ Qxd8 38. Rd2 Qc7 39. Bf1 Bf8 40. Bc5 Bxc5 41. Nxc5 Qxc5 42. Qxc5 Rxc5 43. Rd8+ Kg7 44. Rxa8 Rxc3 45. Rxa6 Rc1 46. Kg1 Ne6 47. Rb6 Nd4 48. a6 Ra1 49. Kf2 Ra2+ 50. Kg1 Ra1 51. Kf2 Ra2+ 52. Kg1 f6 53. Bxb5 Nxb5 54. Rxb5 Rxa6 55. Rb7+ Kh6 56. Rb2 Kg5 57. Kf2 h5 58. g3 h4 59. Kg2 Ra3 60. Rf2 Rd3 61. Re2 Kh5 62. Rf2 f5 63. exf5 gxf5 64. Re2 e4 65. g4+ Kg5 66. fxe4 fxg4 67. hxg4 Kxg4 68. e5 h3+ 69. Kh2 Rd7 70. e6 Re7 71. Re4+ Kf5 72. Re3 Rxe6 73. Rxe6 Kxe6 74. Kxh3 Ke5 1/2-1/2

[Event "EIBCC 2019"]
[Site "Tallinn"]
[Date "2019.12.07"]
[Round "4.9"]
[White "Paakkonen, Timo"]
[Black "Lysyj, Igor"]
[Result "0-1"]
[WhiteElo "2216"]
[BlackElo "2600"]
[Annotator "ChessBase"]
[PlyCount "76"]
[EventDate "2019.12.06"]
[EventType "swiss"]
[EventCountry "EST"]
[SourceTitle "playchess.com"]
[Source "ChessBase"]
[SourceQuality "1"]

1. e4 e5 2. Nc3 Nf6 3. f4 d5 4. fxe5 Nxe4 5. Nf3 Bc5 6. d4 Bb4 7. Bd2 c5 8. a3 Bxc3 9. bxc3 Nc6 10. Be2 O-O 11. O-O Bg4 12. Qe1 Bxf3 13. Bxf3 cxd4 14. Bxe4 dxe4 15. Qxe4 Re8 16. Bf4 dxc3 17. Rad1 Qb6+ 18. Kh1 Rad8 19. Rd5 Rxd5 20. Qxd5 Qa6 21. Kg1 Qb6+ 22. Kh1 Qd4 23. Qf3 Qc4 24. Re1 b5 25. h3 Nd4 26. Qe4 Rc8 27. Bg3 h6 28. Kh2 Ne6 29. Qf3 Qc6 30. Qf5 Rd8 31. Rf1 Rd7 32. Qg4 Rd2 33. Rf2 Rxf2 34. Bxf2 a5 35. Be3 Qd5 36. Bxh6 Qxe5+ 37. Kh1 b4 38. axb4 axb4 0-1

[Event "EIBCC 2019"]
[Site "Tallinn"]
[Date "2019.12.07"]
[Round "4.10"]
[White "Guseinov, Gadir"]
[Black "Chernyak, Viktoria"]
[Result "1-0"]
[WhiteElo "2593"]
[BlackElo "2213"]
[Annotator "ChessBase"]
[PlyCount "49"]
[EventDate "2019.12.06"]
[EventType "swiss"]
[EventCountry "EST"]
[SourceTitle "playchess.com"]
[Source "ChessBase"]
[SourceQuality "1"]

1. e4 c6 2. d4 d5 3. Nd2 dxe4 4. Nxe4 Nf6 5. Ng5 Bf5 6. c3 e6 7. Bd3 Bxd3 8. Qxd3 Be7 9. N1f3 Nbd7 10. O-O Qc7 11. Re1 Rd8 12. Nxf7 Kxf7 13. Ng5+ Ke8 14. Nxe6 Qd6 15. Bf4 Nc5 16. Nxg7+ Kf7 17. Bxd6 Nxd3 18. Rxe7+ Kg6 19. Ba3 Rhg8 20. Rd1 Nf4 21. Ne6 Nxe6 22. Rxe6 Kf5 23. Re5+ Kf4 24. Rd3 Nd5 25. h3 1-0

[Event "EIBCC 2019"]
[Site "Tallinn"]
[Date "2019.12.07"]
[Round "4.11"]
[White "Semjonovs, Ilja"]
[Black "Esipenko, Andrey"]
[Result "0-1"]
[WhiteElo "2207"]
[BlackElo "2582"]
[Annotator "ChessBase"]
[PlyCount "62"]
[EventDate "2019.12.06"]
[EventType "swiss"]
[EventCountry "EST"]
[SourceTitle "playchess.com"]
[Source "ChessBase"]
[SourceQuality "1"]

1. e4 c6 2. d4 d5 3. Nc3 dxe4 4. Nxe4 Bf5 5. Ng3 Bg6 6. h4 h6 7. Nf3 e6 8. Ne5 Bh7 9. Bd3 Bxd3 10. Qxd3 Nd7 11. f4 Be7 12. Bd2 Ngf6 13. O-O-O O-O 14. Kb1 c5 15. d5 Nxd5 16. Nxd7 Qxd7 17. f5 Rad8 18. Qf3 Qa4 19. fxe6 fxe6 20. Qe2 Bf6 21. Qxe6+ Kh8 22. Nh5 Qc4 23. Rhe1 Qb5 24. Nxf6 Rxf6 25. Qe2 c4 26. Ka1 Ra6 27. Bc1 Rg8 28. g4 Rxa2+ 29. Kxa2 Qa6+ 30. Kb1 Nb4 31. Qxc4 Qxc4 0-1

[Event "EIBCC 2019"]
[Site "Tallinn"]
[Date "2019.12.07"]
[Round "4.12"]
[White "Yuffa, Daniil"]
[Black "Dubrovin, Robert"]
[Result "1-0"]
[WhiteElo "2582"]
[BlackElo "2206"]
[Annotator "ChessBase"]
[PlyCount "58"]
[EventDate "2019.12.06"]
[EventType "swiss"]
[EventCountry "EST"]
[SourceTitle "playchess.com"]
[Source "ChessBase"]
[SourceQuality "1"]

1. d4 Nf6 2. c4 e6 3. g3 c5 4. d5 exd5 5. cxd5 d6 6. Nc3 g6 7. Bg2 Bg7 8. Nf3 O-O 9. O-O a6 10. a4 Re8 11. Bf4 Nh5 12. Bg5 f6 13. Bd2 f5 14. Ng5 Nf6 15. Ne6 Bxe6 16. dxe6 Nc6 17. Bg5 h6 18. Bxf6 Bxf6 19. e4 f4 20. gxf4 Bxc3 21. bxc3 Qf6 22. Qg4 Rxe6 23. e5 dxe5 24. Bd5 Rae8 25. Rfe1 Kg7 26. Bxe6 Rxe6 27. Rad1 Re7 28. Rd7 exf4 29. Re6 Rxd7 1-0

[Event "EIBCC 2019"]
[Site "Tallinn"]
[Date "2019.12.07"]
[Round "4.13"]
[White "Opryshko, Stanislav"]
[Black "Saric, Ante"]
[Result "0-1"]
[WhiteElo "2205"]
[BlackElo "2577"]
[Annotator "ChessBase"]
[PlyCount "43"]
[EventDate "2019.12.06"]
[EventType "swiss"]
[EventCountry "EST"]
[SourceTitle "playchess.com"]
[Source "ChessBase"]
[SourceQuality "1"]

1. d4 Nf6 2. Nc3 d5 3. Bg5 Nbd7 4. f3 h6 5. Bh4 c6 6. e4 dxe4 7. fxe4 e5 8. Nf3 exd4 9. Nxd4 Ne5 10. Bg3 Bd6 11. Be2 O-O 12. O-O Neg4 13. Bxg4 Bxg4 14. Nf3 Bxg3 15. hxg3 Qc7 16. e5 Bxf3 17. Qxf3 Qxe5 18. Rae1 Qc5+ 19. Kh2 Rae8 20. Rxe8 Rxe8 21. Qf5 Re5 22. Qf2 0-1

[Event "EIBCC 2019"]
[Site "Tallinn"]
[Date "2019.12.07"]
[Round "4.14"]
[White "Sanal, Vahap"]
[Black "Belenkaya, Dina"]
[Result "0-1"]
[WhiteElo "2563"]
[BlackElo "2203"]
[Annotator "ChessBase"]
[PlyCount "160"]
[EventDate "2019.12.06"]
[EventType "swiss"]
[EventCountry "EST"]
[SourceTitle "playchess.com"]
[Source "ChessBase"]
[SourceQuality "1"]

1. e4 d5 2. exd5 Qxd5 3. Nc3 Qa5 4. d4 c6 5. Nf3 Bf5 6. Bc4 e6 7. Ne5 Nf6 8. O-O Nbd7 9. Bf4 Be7 10. Ne2 O-O 11. Ng3 Bg6 12. Re1 Nxe5 13. dxe5 Nd5 14. Bd2 Qb6 15. Bb3 Rfd8 16. Qf3 a5 17. a4 Nb4 18. Be3 Bc5 19. Bg5 Rd7 20. Ne4 Bf8 21. h4 Nd3 22. cxd3 Qxb3 23. Rad1 h6 24. Bc1 Rad8 25. Nc3 Rxd3 26. Rxd3 Rxd3 27. Qe2 Bb4 28. h5 Bh7 29. Be3 Bxc3 30. bxc3 Qxc3 31. Rc1 Qxe5 32. Qf3 Qd5 33. Qg4 Bf5 34. Qe2 Qd7 35. Bf4 f6 36. Qe1 e5 37. Be3 Qd8 38. Qe2 e4 39. Kh2 Be6 40. Qb2 Qd7 41. g3 Bf7 42. Rc5 Rd5 43. Qb6 Rxc5 44. Qxc5 Qd5 45. Qe7 Qxh5+ 46. Kg1 Qd1+ 47. Kh2 Qd5 48. Qxb7 h5 49. Qb8+ Kh7 50. Qa7 Be6 51. Bd4 Qf5 52. Bc3 Qh3+ 53. Kg1 Bc4 54. Qe3 Qf5 55. Qd2 Bd5 56. Bxa5 e3 57. Qxe3 Qh3 58. Qd3+ g6 59. f3 Qxg3+ 60. Kf1 Qh3+ 61. Kf2 Qh2+ 62. Ke1 Qg1+ 63. Ke2 Qg2+ 64. Ke1 Qxf3 65. Qxf3 Bxf3 66. Bc3 f5 67. Kf2 Be4 68. Bd4 Bd3 69. Ke3 Bc4 70. Kf4 Kh6 71. Bf6 Bd5 72. Ke5 Bg2 73. Kd6 f4 74. Bd4 g5 75. a5 h4 76. a6 c5 77. Bxc5 h3 78. Bg1 g4 79. Ke5 Kg5 80. Kd4 g3 0-1

[Event "EIBCC 2019"]
[Site "Tallinn"]
[Date "2019.12.07"]
[Round "4.15"]
[White "Snihur, Piotr"]
[Black "Kulaots, Kaido"]
[Result "0-1"]
[WhiteElo "2202"]
[BlackElo "2562"]
[Annotator "ChessBase"]
[PlyCount "100"]
[EventDate "2019.12.06"]
[EventType "swiss"]
[EventCountry "EST"]
[SourceTitle "playchess.com"]
[Source "ChessBase"]
[SourceQuality "1"]

1. d4 g6 2. e4 Bg7 3. Nf3 c5 4. Nc3 cxd4 5. Nxd4 Nc6 6. Be3 Nf6 7. Nxc6 bxc6 8. e5 Ng8 9. Bd4 f6 10. exf6 Nxf6 11. Bc4 d5 12. Bb3 O-O 13. O-O Bf5 14. Re1 h5 15. h3 a5 16. Qe2 Ne4 17. Bxg7 Kxg7 18. Nxe4 Bxe4 19. f3 Bf5 20. Qxe7+ Qxe7 21. Rxe7+ Kf6 22. Rc7 Rfc8 23. Rxc8 Rxc8 24. Re1 g5 25. Kf2 h4 26. c3 Rb8 27. Re2 Bd3 28. Rd2 Ba6 29. Bd1 Bc4 30. b3 Ba6 31. Be2 Bc8 32. g4 hxg3+ 33. Kxg3 Be6 34. h4 gxh4+ 35. Kxh4 Rg8 36. Bf1 Rg1 37. Bg2 Rc1 38. c4 dxc4 39. bxc4 Rxc4+ 40. Kg3 Rc3 41. Kf4 Bd5 42. Rb2 Ra3 43. Kg3 Rxa2 44. Rb8 a4 45. Ra8 a3 46. Bf1 Ra1 47. Bd3 a2 48. Be4 Rg1+ 49. Kf2 a1=Q 50. Rxa1 Rxa1 0-1

[Event "EIBCC 2019"]
[Site "Tallinn"]
[Date "2019.12.07"]
[Round "4.16"]
[White "Hjartarson, Johann"]
[Black "Antoms, Guntars"]
[Result "1-0"]
[WhiteElo "2559"]
[BlackElo "2198"]
[Annotator "ChessBase"]
[PlyCount "79"]
[EventDate "2019.12.06"]
[EventType "swiss"]
[EventCountry "EST"]
[SourceTitle "playchess.com"]
[Source "ChessBase"]
[SourceQuality "1"]

1. c4 Nf6 2. Nf3 g6 3. Nc3 Bg7 4. e4 d6 5. d4 O-O 6. Be2 Bg4 7. Be3 Nfd7 8. O-O e5 9. d5 a5 10. Nd2 Bxe2 11. Qxe2 f5 12. f3 Rf7 13. b3 Qf8 14. a3 Bh6 15. b4 Bxe3+ 16. Qxe3 Na6 17. Rab1 axb4 18. axb4 Nf6 19. Rfe1 Nh5 20. exf5 gxf5 21. c5 Qg7 22. Kh1 Raf8 23. Nc4 e4 24. f4 Qg4 25. g3 Rf6 26. cxd6 cxd6 27. Nb5 Rh6 28. Kg1 Qh3 29. Rb2 Rff6 30. Ree2 Rfg6 31. Rg2 Nf6 32. Nbxd6 Ng4 33. Qb6 Rf6 34. b5 Qh5 35. Qd8+ Rf8 36. Qg5+ Qxg5 37. fxg5 Rxd6 38. Nxd6 Nc5 39. b6 Ne3 40. Rge2 1-0

[Event "EIBCC 2019"]
[Site "Tallinn"]
[Date "2019.12.07"]
[Round "4.17"]
[White "Martynov, Roman"]
[Black "Lintchevski, Daniil"]
[Result "1-0"]
[WhiteElo "2196"]
[BlackElo "2553"]
[Annotator "ChessBase"]
[PlyCount "68"]
[EventDate "2019.12.06"]
[EventType "swiss"]
[EventCountry "EST"]
[SourceTitle "playchess.com"]
[Source "ChessBase"]
[SourceQuality "1"]

1. d4 d5 2. c4 dxc4 3. e3 e5 4. Bxc4 exd4 5. exd4 Bd6 6. Nf3 Nf6 7. O-O O-O 8. Bg5 Nc6 9. Nc3 Bg4 10. Re1 a6 11. Qd3 Nb4 12. Qd2 Bxf3 13. gxf3 c6 14. Ne4 Kh8 15. Nxd6 Qxd6 16. Bf4 Qd7 17. Qxb4 Qxd4 18. Be5 Qh4 19. Bg3 Qg5 20. Qxb7 h5 21. h4 Qc5 22. Rac1 Qd4 23. Bxf7 Ra7 24. Qxc6 Raxf7 25. Qxa6 Qxb2 26. a4 Qa3 27. Qc6 Qb4 28. Ra1 Qa5 29. Re5 Qa8 30. Qxa8 Rxa8 31. a5 Rfa7 32. Rb5 Ra6 33. Rb8+ Rxb8 34. Bxb8 Nd7 1-0

[Event "EIBCC 2019"]
[Site "Tallinn"]
[Date "2019.12.07"]
[Round "4.18"]
[White "Popov, Valerij"]
[Black "Sorensen, Hampus"]
[Result "1-0"]
[WhiteElo "2547"]
[BlackElo "2196"]
[Annotator "ChessBase"]
[PlyCount "125"]
[EventDate "2019.12.06"]
[EventType "swiss"]
[EventCountry "EST"]
[SourceTitle "playchess.com"]
[Source "ChessBase"]
[SourceQuality "1"]

1. Nf3 d5 2. c4 d4 3. g3 Nc6 4. Bg2 e5 5. O-O Nf6 6. e3 Be7 7. exd4 exd4 8. d3 O-O 9. Re1 Bb4 10. Re2 a5 11. Na3 Re8 12. Bg5 Be7 13. Nb5 Bg4 14. h3 Bh5 15. a3 h6 16. Bf4 Rc8 17. g4 Bg6 18. Ne5 Nxe5 19. Bxe5 c6 20. Nxd4 Qb6 21. Nf3 Rcd8 22. d4 Nd7 23. Bf4 Bf6 24. Be3 Qa6 25. Rc1 Nf8 26. Rd2 Be4 27. a4 Ng6 28. Ne1 Nh4 29. Bxe4 Rxe4 30. Rc3 Qa8 31. d5 cxd5 32. Rcd3 Qb8 33. Rxd5 Rde8 34. R2d3 Rxe3 35. Rxe3 Rxe3 36. fxe3 Qg3+ 37. Kf1 Qxh3+ 38. Ke2 Qxg4+ 39. Kd2 Qxc4 40. Rb5 Qe4 41. Qc2 Qh1 42. Rc5 g6 43. Rxa5 Qh2+ 44. Kd1 Qd6+ 45. Qd2 Qe6 46. Rb5 Nf5 47. Nc2 Qe4 48. Rb4 Qh1+ 49. Qe1 Qf3+ 50. Qe2 Qh1+ 51. Qe1 Qf3+ 52. Kc1 Qc6 53. Kb1 Nd6 54. Qd2 Nf5 55. e4 Ne7 56. Qxh6 Qd7 57. Qf4 Kg7 58. e5 Qd1+ 59. Ka2 Qd5+ 60. Qc4 Qxe5 61. Rxb7 Kg8 62. Qb5 Kg7 63. Qxe5 1-0

[Event "EIBCC 2019"]
[Site "Tallinn"]
[Date "2019.12.07"]
[Round "4.19"]
[White "Peterson, Emery"]
[Black "Ruck, Robert"]
[Result "0-1"]
[WhiteElo "2195"]
[BlackElo "2541"]
[Annotator "ChessBase"]
[PlyCount "85"]
[EventDate "2019.12.06"]
[EventType "swiss"]
[EventCountry "EST"]
[SourceTitle "playchess.com"]
[Source "ChessBase"]
[SourceQuality "1"]

1. d4 Nf6 2. Nc3 d5 3. e4 dxe4 4. f3 e3 5. Bxe3 c6 6. Bd3 Nbd7 7. Nge2 Nb6 8. a3 Nbd5 9. Bd2 g6 10. O-O Bg7 11. Ne4 O-O 12. Kh1 b6 13. Qe1 Bb7 14. Rd1 Qd7 15. Qh4 Rad8 16. c4 Nc7 17. Bc3 Rfe8 18. f4 Nxe4 19. Bxe4 e6 20. Rf3 Qe7 21. Qf2 Qd7 22. Rh3 Qe7 23. Re3 Ba8 24. Bc2 Qd7 25. Red3 a5 26. Ng1 Bb7 27. a4 Ba6 28. b3 b5 29. cxb5 cxb5 30. Rh3 b4 31. Bb2 Qe7 32. Nf3 Nd5 33. Ng5 h6 34. Ne4 Rc8 35. Nc5 Rxc5 36. dxc5 Bxb2 37. Bxg6 Bg7 38. Bc2 Rc8 39. Qg3 Qxc5 40. Be4 Qc3 41. Qg4 Nf6 42. Qf3 Qxf3 43. Bxf3 0-1

[Event "EIBCC 2019"]
[Site "Tallinn"]
[Date "2019.12.07"]
[Round "4.20"]
[White "Turov, Maxim"]
[Black "Cherepov, Alexej"]
[Result "1-0"]
[WhiteElo "2535"]
[BlackElo "2189"]
[Annotator "ChessBase"]
[PlyCount "49"]
[EventDate "2019.12.06"]
[EventType "swiss"]
[EventCountry "EST"]
[SourceTitle "playchess.com"]
[Source "ChessBase"]
[SourceQuality "1"]

1. d4 d5 2. c4 dxc4 3. e4 e5 4. Nf3 Bb4+ 5. Bd2 Bxd2+ 6. Nbxd2 exd4 7. Bxc4 Nf6 8. e5 Nd5 9. Qb3 c6 10. Bxd5 cxd5 11. Nxd4 O-O 12. O-O Nc6 13. Nxc6 bxc6 14. Qc3 Qb6 15. Nb3 Ba6 16. Rfd1 Bc4 17. Nd4 c5 18. Nf5 Rab8 19. b3 Be2 20. Rxd5 Qe6 21. Ne3 f6 22. Re1 Ba6 23. Rd6 Qc8 24. Nd5 Re8 25. exf6 1-0

[Event "EIBCC 2019"]
[Site "Tallinn"]
[Date "2019.12.07"]
[Round "4.21"]
[White "Dragnev, Valentin"]
[Black "Kiratzopoulos, Efthimios"]
[Result "1-0"]
[WhiteElo "2523"]
[BlackElo "2187"]
[Annotator "ChessBase"]
[PlyCount "31"]
[EventDate "2019.12.06"]
[EventType "swiss"]
[EventCountry "EST"]
[SourceTitle "playchess.com"]
[Source "ChessBase"]
[SourceQuality "1"]

1. d4 Nf6 2. c4 Nc6 3. Nf3 e6 4. g3 Bb4+ 5. Bd2 Qe7 6. Nc3 d6 7. Bg2 O-O 8. O-O Bxc3 9. Bxc3 Ne4 10. Rc1 Nxc3 11. Rxc3 e5 12. d5 Nb8 13. c5 Bg4 14. cxd6 cxd6 15. Qa4 Na6 16. Qxg4 1-0

[Event "EIBCC 2019"]
[Site "Tallinn"]
[Date "2019.12.07"]
[Round "4.22"]
[White "Decosse, Jean-Fabien"]
[Black "Gretarsson, Helgi Ass"]
[Result "0-1"]
[WhiteElo "2185"]
[BlackElo "2523"]
[Annotator "ChessBase"]
[PlyCount "109"]
[EventDate "2019.12.06"]
[EventType "swiss"]
[EventCountry "EST"]
[SourceTitle "playchess.com"]
[Source "ChessBase"]
[SourceQuality "1"]

1. d4 g6 2. c4 Bg7 3. Nf3 d6 4. Nc3 Bg4 5. e3 c5 6. Be2 Nh6 7. h3 Bxf3 8. Bxf3 cxd4 9. exd4 Nc6 10. Be3 Nf5 11. Bxc6+ bxc6 12. Qa4 Qb6 13. c5 dxc5 14. dxc5 Qb7 15. O-O Nxe3 16. fxe3 O-O 17. Qc2 Qb4 18. Na4 Rad8 19. Rad1 Be5 20. a3 Qh4 21. Nc3 Qc4 22. Qe4 Qxc5 23. Na4 Qb5 24. Nc3 Bxc3 25. bxc3 Qc5 26. c4 Rxd1 27. Rxd1 Rb8 28. Rd7 e6 29. Qf4 Rf8 30. Qd4 Qxa3 31. Rxa7 Qc1+ 32. Kh2 Qc2 33. c5 Qf5 34. Rc7 Qd5 35. Qxd5 cxd5 36. Kg3 Ra8 37. Kf4 f6 38. Re7 Ra4+ 39. Kf3 Rc4 40. Rxe6 Rxc5 41. Rxf6 Kg7 42. Rd6 Ra5 43. g4 h6 44. h4 Kf7 45. h5 gxh5 46. gxh5 Kg7 47. Kf4 Ra4+ 48. Kf3 Ra5 49. Rg6+ Kh7 50. Rd6 Kg7 51. Kf4 Ra4+ 52. Kf3 Ra5 53. Kf4 Ra4+ 54. Kf3 Ra5 55. Kf4 0-1